| 000 | 00364nam a2200145Ia 4500 | ||
|---|---|---|---|
| 008 | 150201s2006 xx 000 0 und d | ||
| 082 |
_a617.6 _bP2006C |
||
| 100 | _aCOHEN,STEPHEN | ||
| 245 | _aPATHWAYS OF THE PULP | ||
| 250 | _a9TH | ||
| 260 |
_bELSEVIER _aDELHI _c2006 |
||
| 300 | _a1-1080 | ||
| 650 | _aCONSERVATIVE DENTISTRY & ENDODONTICS | ||
| 942 |
_2ddc _cBK _05 |
||
| 999 |
_c3514 _d3514 |
||